| 000 | 00581nam a2200181Ia 4500 | ||
|---|---|---|---|
| 003 | GCL | ||
| 008 | 140319s9999 xx 000 0 ara d | ||
| 040 |
_aGCL / _cGCL |
||
| 082 | 0 | 4 |
_aد _b050 _bد هـ |
| 245 | 1 | 0 | _aهموم الاقباط ( الهلال ابريل 2000 ) |
| 260 |
_aالقاهرة : _bدار الهلال للطباعة والنشر ، _c2000 |
||
| 650 | 0 | 4 | _aجمال الدين الافغانى |
| 650 | 0 | 4 | _aالتلوث |
| 650 | 0 | 4 | _aالاقباط |
| 650 | 0 | 4 | _aمحمد عبده (الامام) |
| 650 | 0 | 4 | _aالواحات البحرية |
| 942 |
_2ddc _cCR |
||
| 999 |
_c6702 _d6702 |
||